|
|
|
|
| LEADER |
00000cam a2200000 7i4500 |
| 001 |
0000000146 |
| 005 |
20240919.0 |
| 008 |
231128 enk a eng |
| 020 |
|
|
|a 0091742617 (hbk)
|
| 040 |
|
|
|a INS
|b eng
|e rda
|
| 090 |
0 |
0 |
|a HF5681.3.V3
|b .B72 1989
|
| 245 |
0 |
0 |
|a Brand valuation :
|b establishing a true and fair view
|c edited by John Murphy
|
| 264 |
|
1 |
|a London :
|b Hutchunson Business Books
|c 1989
|
| 300 |
|
|
|a xii, 196 pages :
|b illustrations ;
|c 24 cm.
|
| 336 |
|
|
|a text
|2 rdacontent
|
| 337 |
|
|
|a unmediated
|2 rdamedia
|
| 338 |
|
|
|a volume
|2 rdacarrier
|
| 504 |
|
|
|a Includes bibliographical references and index
|
| 650 |
|
0 |
|a Corporation
|x Valuation
|
| 650 |
|
0 |
|a Valuation
|
| 700 |
1 |
|
|a Murphy, John ,
|e editor
|
| 999 |
|
|
|a 0000003913
|b BOOK
|c Open Shelf
|e Default branch
|